000 00377nam a22001697a 4500
003 UA-OsUOA
001 2775
007 ta
008 20050721b un ||||| |||| 00| 0 ukr d
100 _aUlrey
700 _aHarry F.
942 _cBK
040 _aUA-OsUOA
_cUA-OsUOA
_dUA-OsUOA
245 _aCarpenters and builders library. No. 1.
_bDictionary
955 _a2
650 7 _2UDC
999 _c288937
_d288937